000 00244nam a22001217a 4500
040 _cHS
082 _a658p;
110 _aPARTICIP GMBH
245 _aProject management
260 _aBelgium
_bPARTICIP GMBH
_c2002
300 _a70p;
942 _cEK
999 _c9708
_d9708